[Event "Zagorovsky Memorial op"]
[Site "Voronezh"]
[Date "2013.06.25"]
[Round "1"]
[White "Lazarev, Alexander"]
[Black "Provkin, Vladimir"]
[Result "0-1"]
[WhiteElo "1925"]
[BlackElo "2182"]
[PlyCount "34"]
[EventDate "2013.06.25"]
[EventType "swiss"]
[EventRounds "9"]
[EventCountry "RUS"]
[SourceTitle "EXT 2014"]
[Source "ChessBase"]
[SourceDate "2013.11.20"]
[SourceVersion "1"]
[SourceVersionDate "2013.11.20"]
[SourceQuality "1"]

1. e4 c5 2. Nf3 d6 3. d4 cxd4 4. Nxd4 Nf6 5. Nc3 Nc6 6. Be3 e5 7. Nb3 Be7 8. Be2 0-0 9. 0-0 Be6 10. f4 exf4 11. Bxf4 Ne5 12. Qd4 Qc7 13. Nd5 Nxd5 14. exd5 Qxc2 15. Rfe1 Bd8 16. Bxe5 dxe5 17. Bd3 Qxb3 0-1

[Event "Voronezh Region-ch"]
[Site "Voronezh"]
[Date "2011.12.15"]
[Round "6"]
[White "Provkin, Vladimir"]
[Black "Lazarev, Alexander"]
[Result "1/2-1/2"]
[WhiteElo "2233"]
[BlackElo "1950"]
[PlyCount "47"]
[EventDate "2011.12.09"]
[EventType "swiss"]
[EventRounds "9"]
[EventCountry "RUS"]
[SourceTitle "CBM 146 Extra"]
[Source "ChessBase"]
[SourceDate "2012.02.29"]
[SourceVersion "1"]
[SourceVersionDate "2012.02.29"]
[SourceQuality "1"]

1. d4 d5 2. Nf3 e6 3. c4 Nf6 4. Nc3 c6 5. Bg5 Nbd7 6. cxd5 exd5 7. Qc2 Bd6 8. e3 h6 9. Bh4 0-0 10. Bd3 Qe7 11. 0-0 Re8 12. Rab1 g5 13. Bg3 Bxg3 14. hxg3 Ne4 15. b4 Nb6 16. Ne5 Nd7 17. Bxe4 dxe4 18. Nxd7 Bxd7 19. b5 Rac8 20. b6 axb6 21. Rxb6 Rc7 22. Qb2 Ra8 23. d5 Qa3 24. Qd2 1/2-1/2

[Event "Nizhnij Novgorod Region-ch"]
[Site "Nizhnij Novgorod"]
[Date "2007.10.??"]
[Round "?"]
[White "Kudriashov, Alexander"]
[Black "Lazarev, Alexander"]
[Result "1-0"]
[WhiteElo "2190"]
[BlackElo "2013"]
[PlyCount "59"]
[EventDate "2007.10.??"]
[EventType "swiss"]
[EventRounds "9"]
[EventCountry "RUS"]
[SourceTitle "EXT 2009"]
[Source "ChessBase"]
[SourceDate "2008.11.26"]
[SourceVersion "1"]
[SourceVersionDate "2008.11.26"]
[SourceQuality "1"]

1. e4 Nf6 2. e5 Nd5 3. Nf3 d6 4. c3 Nc6 5. exd6 exd6 6. d4 Be7 7. Be2 Bg4 8. Qb3 Nb6 9. 0-0 d5 10. a4 a5 11. Na3 Bxa3 12. Qxa3 Qe7 13. Qxe7+ Nxe7 14. Re1 f6 15. Bf4 Kd8 16. h3 Bd7 17. b3 g5 18. Bh2 Bf5 19. Nd2 h5 20. g4 hxg4 21. hxg4 Bg6 22. Bf3 Rh7 23. Re6 Bf7 24. Bxc7+ Kxc7 25. Rxe7+ Nd7 26. Rae1 Kd6 27. Bxd5 Ne5 28. Rxb7 Rh1+ 29. Kxh1 Bxd5+ 30. Ne4+ 1-0

[Event "Nizhnij Novgorod Region-ch"]
[Site "Nizhnij Novgorod"]
[Date "2007.10.??"]
[Round "?"]
[White "Lazarev, Alexander"]
[Black "Bojarinov, Victor A"]
[Result "0-1"]
[WhiteElo "2013"]
[BlackElo "2329"]
[PlyCount "78"]
[EventDate "2007.10.??"]
[EventType "swiss"]
[EventRounds "9"]
[EventCountry "RUS"]
[SourceTitle "EXT 2009"]
[Source "ChessBase"]
[SourceDate "2008.11.26"]
[SourceVersion "1"]
[SourceVersionDate "2008.11.26"]
[SourceQuality "1"]

1. d4 Nf6 2. c4 e6 3. g3 Bb4+ 4. Bd2 Qe7 5. Bg2 0-0 6. Nf3 a5 7. 0-0 Bxd2 8. Nbxd2 d6 9. Qb3 Nbd7 10. Qa3 Re8 11. Rac1 c6 12. Rfd1 b6 13. e4 Bb7 14. h3 e5 15. d5 Nc5 16. Qe3 cxd5 17. cxd5 b5 18. Ne1 Ba6 19. Nb3 Nxb3 20. axb3 Nd7 21. Ra1 Qd8 22. Qc3 b4 23. Qe3 Nc5 24. Ra2 Rf8 25. f4 f6 26. f5 Bb5 27. Rda1 a4 28. bxa4 Bc4 29. b3 Nxb3 30. Rb1 Nd4 31. Rd2 Rxa4 32. Nc2 Nxc2 33. Rxc2 Ra3 34. Qc1 Bd3 35. Rxb4 Qa8 36. Kh2 Bxc2 37. Qxc2 Qa7 38. Rb3 Ra2 39. Qb1 Ra1 0-1